Statistics for Take Me Home

Click here to take the quiz!

General Stats

  • This quiz has been taken 14 times
  • The average score is 11 of 15

Answer Stats

HintAnswer% Correct
oh I just wanna take you anywhere that you likekiss you
100%
let's go crazy crazy crazy til we see the sunlive while we're young
100%
your hand fits in mine like its made just for melittle things
92%
people say we shouldn't be togetherthey don't know about us
85%
the one that I came with she had to goc'mon c'mon
77%
would he say he's in L-O-V-EI would
77%
no one ever looked so good in a dressnobody compares
77%
do you remember summer '09rock me
77%
baby if you say you want me to staychange my mind
69%
now we know it's nearly oversummer love
69%
I'm watching you from the stageback for you
62%
said I'd never leave herover again
62%
girl what would you dolast first kiss
54%
baby you got me sickheart attack
46%
don't get closer he'll just break your heartshe's not afraid
46%

Score Distribution

Percentile by Number Answered

Percent of People with Each Score

Your Score History

You have not taken this quiz